00729nam a2200157 a 4500003000200000005001700002008004100019050003100060100002500091245012700116260009000243300004600333504004100379650009400420650005700514020250430113917.0050808s19uu xx 00 eng d aPHS BX 1795.C78b.C37 2005 aCarandang, Joshua M. aThe Perceptions of Catholic young adults on the use of contraceptives as a means of family planning /cJoshua M. Carandang aLas Piñas City, Philippines :bSouthville International School and Colleges,c2005. a33 pages :bcolor illustrations ;c28 cm. aIncludes bibliographical references. 2Library of Congress Subject Headings aContraceptionxReligious aspectsvCatholic Church. aFamily planningxReligious aspectsvCatholic Church.